000 00825nam a2200265 i 4500
001 18480
003 ES-MaACL
005 20250801131150.0
007 t|
008 011107s1998 sp ||||0| spa j
020 _a84-8164-228-2
040 _aM-BN
_bspa
_cM-BN
080 _a929 Gramsci, Antonio
080 _a1 Gramsci, Antonio
100 1 _aSacristán, Manuel,
_d1925-1985
_9101268
245 1 3 _aEl orden y el tiempo /
_cManuel Sacristán ; presentación y edición de Albert Domingo Curto.
260 _aMadrid :
_bTrotta,
_c[1998]
300 _a178 p ;
_c20 cm.
490 1 _aMínima Trotta
600 1 4 _aGramsci, Antonio,
_d1891-1937
_9241506
700 1 _aDomingo Curto, Albert.
_945134
830 0 _aMínima Trotta
_9180223
852 _aES-MaACL
_jL-25105
_bR.130560
999 _c18480
_d18480